Library Logo

The novels of Honore de Balzac / (Record no. 155971)

000 -LEADER
fixed length control field 00457nam a22001697a 4500
003 - CONTROL NUMBER IDENTIFIER
control field BD-DhUL
005 - DATE AND TIME OF LATEST TRANSACTION
control field 20170126172615.0
008 - FIXED-LENGTH DATA ELEMENTS--GENERAL INFORMATION
fixed length control field 170126s1898 N ||||| |||| 00| 0 eng
040 ## - CATALOGING SOURCE
Original cataloging agency BD-DhUL
Transcribing agency BD-DhUL
082 ## - DEWEY DECIMAL CLASSIFICATION NUMBER
Classification number 843.73
Item number BAN
100 1# - MAIN ENTRY--PERSONAL NAME
Personal name Balzac, Honore de
245 ## - TITLE STATEMENT
Title The novels of Honore de Balzac /
Statement of responsibility, etc. Honore de Balzac.
260 ## - PUBLICATION, DISTRIBUTION, ETC. (IMPRINT)
Place of publication, distribution, etc. New York :
Name of publisher, distributor, etc. Richmond ,
Date of publication, distribution, etc. 1898.
300 ## - PHYSICAL DESCRIPTION
Extent 368p.
Dimensions 22 Cm.
650 #0 - SUBJECT ADDED ENTRY--TOPICAL TERM
Topical term or geographic name as entry element French fiction
942 ## - ADDED ENTRY ELEMENTS (KOHA)
Source of classification or shelving scheme
Koha item type Books
Holdings
Price effective from Date last seen Permanent Location Not for loan Date acquired Source of classification or shelving scheme Koha item type Lost status Withdrawn status Copy number Source of acquisition Collection code Damaged status Shelving location Barcode Current Location Full call number
2017-01-262017-01-26Dhaka University Library 2017-01-26 Books  1PurchasedFiction General StacksA11585Dhaka University Library843.73 BAN
Last Updated on September 15, 2019
© Dhaka University Library. All Rights Reserved|Staff Login